000 01208nam a2200289 4500
001 123188
003 ES-MaACL
005 20250728110405.0
007 t|
008 070214s1949 sp r ||||0| spa d
245 0 0 _aPsicoanálisis y conciencia moral /
_ctraducido del original francés por A. de Miguel.
260 _aMadrid :
_bStudium de Cultura,
_c1949.
300 _a105 p ;
_c19 cm.
490 1 _aProblemas de hoy ;
_v1
505 8 _aContiene: Descripción de la conciencia moral e incidencias psiquiátricas / R.P. Tesson . Psicoanálisis y moral / Ch.H. Nodet . Psicoanálisis y conciencia moral / F. Pasche . Psicoanálisis y simbolismo religioso / R.P. Louis Beirnaert . Psicoterapia y valores existenciales / Dr. Igor Caruso
650 7 _aPsicoanálisis y religión
_2embne
_916536
650 4 _aPsicoanálisis-
_xAspectos morales.
_9142295
700 1 _aMiguel, Amando de.
_981000
700 1 _aTesson, Eugène.
_9173172
700 1 _aNodet, Ch. H.
_985817
700 1 _aPasche, F.
_989322
700 1 _aBeirnaert, Louis.
_927080
700 1 _aCaruso, Igor A.
_935921
830 1 _aProblemas de hoy ;
_v1
_9186582
852 _aES-MaACL
_jD-5270
999 _c123188
_d123188